000 00575nam a22001817a 4500
003 UA-OsUOA
001 8517
007 ta
008 20040827b un ||||| |||| 00| 0 ukr d
100 _aСизоненко О.
942 _cSA
040 _aUA-OsUOA
_cUA-OsUOA
_dUA-OsUOA
245 _aДума про невмирущого : Загребельний в координатах вісімдесятиліття
300 _aС.2,7
955 _a0
773 0 _w0
_tЛітературна Украіна
_dКиїв
_d2004
_g№33
650 7 _aЗагребельний П.
_2UDC
999 _c294678
_d294678